La Fuerza de desembarco de la Gran Armada contra Inglaterra (Record no. 5821)

MARC details
000 -LEADER
campo de control de longitud fija 00858nam a2200253 i 4500
001 - NÚMERO DE CONTROL
campo de control 5821
003 - IDENTIFICADOR DE NÚMERO DE CONTROL
campo de control ES-MaACL
005 - FECHA Y HORA DE LA ÚLTIMA TRANSACCIÓN
campo de control 20251130063151.0
007 - CAMPO FIJO DE DESCRIPCIÓN FÍSICA--INFORMACIÓN GENERAL
campo de control de longitud fija t|
008 - DATOS DE LONGITUD FIJA--INFORMACIÓN GENERAL
campo de control de longitud fija 890531s1989 sp ||||1| spa d
020 ## - NÚMERO INTERNACIONAL ESTÁNDAR DEL LIBRO
Número Internacional Estándar del Libro 84-7341-039-4
080 ## - NÚMERO DE LA CLASIFICACIÓN DECIMAL UNIVERSAL
Número de la Clasificación Decimal Universal 355.49(46)"1588"
080 ## - NÚMERO DE LA CLASIFICACIÓN DECIMAL UNIVERSAL
Número de la Clasificación Decimal Universal 9(46)"1588"
100 0# - ENTRADA PRINCIPAL--NOMBRE DE PERSONA
Nombre de persona O'Donnell y Duque de Estrada, Hugo José
9 (RLIN) 86323
245 13 - MENCIÓN DEL TÍTULO
Título La Fuerza de desembarco de la Gran Armada contra Inglaterra
Resto del título : (1588) : su origen, organizacion y vicisitudes /
Mención de responsabilidad, etc. Hugo Jose O'Donnell y Duque de Estrada.
250 ## - MENCION DE EDICION
Mención de edición 1a ed.
260 ## - PUBLICACIÓN, DISTRIBUCIÓN, ETC.
Lugar de publicación, distribución, etc. Madrid :
Nombre del editor, distribuidor, etc. Editorial Naval,
Fecha de publicación, distribución, etc. 1989.
300 ## - DESCRIPCIÓN FÍSICA
Extensión 448 p., [10] h. de lam. :
Otras características físicas il. ;
Dimensiones 24 cm.
490 1# - MENCIÓN DE SERIE
Mención de serie Gran Armada
650 04 - PUNTO DE ACCESO ADICIONAL DE MATERIA--TÉRMINO DE MATERIA
Término de materia o nombre geográfico como elemento de entrada Armada Invencible, 1588.
9 (RLIN) 9965
830 0# - PUNTO DE ACCESO ADICIONAL DE SERIE-TÍTULO UNIFORME
Título uniforme Gran Armada
9 (RLIN) 178472
852 ## - LOCALIZACIÓN
Ubicación ES-MaACL
Número de control de estantería L-12902
Sublocalización o colección R.116486
Nota libre . - rust.
Holdings
Estatus retirado Estado de pérdida Estado de daño No para préstamo Biblioteca de origen Biblioteca actual Ubicación en estantería Fecha de adquisición Fuente de adquisición Total de préstamos Signatura topográfica completa Código de barras Visto por última vez Precio de reemplazo Tipo de ítem Koha
        Biblioteca del Ateneo de Madrid Biblioteca del Ateneo de Madrid Depósito 2 17/01/2008     L-12902 1005914 23/02/2023 23/02/2023 Libro impreso